[Event "Vienna State-chB"]
[Site "Vienna"]
[Date "2022.09.25"]
[Round "9"]
[White "Andresen, Erik"]
[Black "Kummer, Helmut"]
[Result "0-1"]
[WhiteElo "1879"]
[BlackElo "2203"]
[PlyCount "94"]
[EventDate "2022.09.17"]
[EventType "swiss"]
[EventRounds "9"]
[EventCountry "AUT"]
[SourceTitle "CBM 210 Extra"]
[Source "ChessBase"]
[SourceDate "2022.11.30"]
[SourceVersion "1"]
[SourceVersionDate "2022.11.30"]
[SourceQuality "1"]

1. e4 g6 2. Nf3 Bg7 3. d4 c6 4. Bd3 d5 5. e5 Bg4 6. Nbd2 c5 7. c3 Nc6 8. h3 Bxf3 9. Nxf3 e6 10. 0-0 Nge7 11. Re1 cxd4 12. cxd4 Nf5 13. Bxf5 gxf5 14. Qb3 Qb6 15. Qxb6 axb6 16. Bd2 Bf8 17. Rec1 Be7 18. Kf1 Rg8 19. a3 Kd7 20. g3 Ra4 21. Be3 b5 22. Ke2 Rga8 23. Rab1 b4 24. Bd2 bxa3 25. bxa3 R8a7 26. Bb4 h6 27. Bd2 Bxa3 28. Rc2 Bf8 29. Rcb2 Kc7 30. Kd3 Ra3+ 31. Bc3 Ra2 32. Nd2 Rxb2 33. Rxb2 Ra3 34. Kc2 Ra4 35. Nb3 Bb4 36. f3 Bxc3 37. Kxc3 Rc4+ 38. Kd3 b6 39. g4 f4 40. h4 Kd7 41. h5 Ke7 42. Nd2 Rxd4+ 43. Kc3 Ra4 44. Rxb6 Nxe5 45. Rb8 Kf6 46. Rg8 Nxf3 47. Kb2 Ng5 0-1

[Event "JBLN West 1819"]
[Site "Germany"]
[Date "2019.02.17"]
[Round "5.2"]
[White "Balazs, Balint"]
[Black "Andresen, Erik"]
[Result "1-0"]
[WhiteElo "2130"]
[BlackElo "1771"]
[PlyCount "111"]
[EventDate "2018.09.23"]
[EventType "team-tourn"]
[EventRounds "9"]
[EventCountry "GER"]
[SourceTitle "EXT 2020"]
[Source "ChessBase"]
[SourceDate "2019.10.17"]
[SourceVersion "1"]
[SourceVersionDate "2019.10.17"]
[SourceQuality "1"]
[WhiteTeam "Hagen U20"]
[BlackTeam "Flensburg U20"]
[WhiteTeamCountry "GER"]
[BlackTeamCountry "GER"]

1. d4 Nf6 2. c4 g6 3. Nc3 Bg7 4. e4 d6 5. Bg5 0-0 6. Qd2 c5 7. d5 Nbd7 8. Be2 a6 9. a4 Qa5 10. Ra3 Qb4 11. Nf3 Nb6 12. Qc2 Nxe4 13. Qxe4 Qxb2 14. Nb1 Bf5 15. Qe3 Qxb1+ 16. Qc1 Qxc1+ 17. Bxc1 e6 18. a5 Nd7 19. 0-0 exd5 20. cxd5 Rfe8 21. Bc4 Ne5 22. Nxe5 Bxe5 23. Rb3 Rab8 24. Re1 Bxh2+ 25. Kf1 Rxe1+ 26. Kxe1 Be5 27. Kd1 Bd7 28. Rb6 Kf8 29. Bd2 Bb5 30. Bxb5 axb5 31. a6 Ra8 32. axb7 Rb8 33. Rxb5 Ke7 34. Kc2 Kd7 35. Kb3 Bf6 36. Kc4 g5 37. g4 h6 38. f4 gxf4 39. Bxf4 Bg5 40. Bg3 Kc7 41. Rxc5+ Kxb7 42. Rb5+ Kc8 43. Rxb8+ Kxb8 44. Bxd6+ Kc8 45. Kd4 Kd7 46. Be5 Bc1 47. Ke4 Ke7 48. Bf4 Bxf4 49. Kxf4 Kd6 50. Ke4 f5+ 51. gxf5 h5 52. f6 h4 53. Kf4 h3 54. Kg3 h2 55. Kxh2 Kd7 56. Kg3 1-0

[Event "JBLN West 1819"]
[Site "Germany"]
[Date "2018.09.23"]
[Round "1.2"]
[White "Andresen, Erik"]
[Black "Stelmaszyk, Nico"]
[Result "0-1"]
[WhiteElo "1771"]
[BlackElo "2111"]
[PlyCount "62"]
[EventDate "2018.09.23"]
[EventType "team-tourn"]
[EventRounds "9"]
[EventCountry "GER"]
[SourceTitle "EXT 2020"]
[Source "ChessBase"]
[SourceDate "2019.10.17"]
[SourceVersion "1"]
[SourceVersionDate "2019.10.17"]
[SourceQuality "1"]
[WhiteTeam "Flensburg U20"]
[BlackTeam "Lehrte U20"]
[WhiteTeamCountry "GER"]
[BlackTeamCountry "GER"]

1. e4 c5 2. Nf3 e6 3. d4 cxd4 4. Nxd4 Nc6 5. Nc3 Nf6 6. Ndb5 d6 7. Bf4 e5 8. Bg5 a6 9. Na3 b5 10. Nd5 Be7 11. Bxf6 Bxf6 12. c3 Bg5 13. Nc2 0-0 14. a4 bxa4 15. Rxa4 Kh8 16. Ncb4 Nxb4 17. Nxb4 a5 18. Nc6 Qb6 19. Qxd6 Bb7 20. Qxe5 Bf6 21. Qb5 Qxc6 22. f3 Bxc3+ 23. bxc3 Qxc3+ 24. Kf2 Bc6 25. Qc4 Qb2+ 26. Be2 Bxa4 27. Qxa4 Qb6+ 28. Kg3 f5 29. f4 fxe4 30. Qxe4 Rae8 31. Qd3 Re3+ 0-1

[Event "Kiel op 31st"]
[Site "Kiel"]
[Date "2018.08.02"]
[Round "8"]
[White "Nahnsen, Kenneth"]
[Black "Andresen, Erik"]
[Result "0-1"]
[WhiteElo "2004"]
[BlackElo "1844"]
[PlyCount "54"]
[EventDate "2018.07.28"]
[EventType "swiss"]
[EventRounds "9"]
[EventCountry "GER"]
[SourceTitle "CBM 185 Extra"]
[Source "ChessBase"]
[SourceDate "2018.07.29"]
[SourceVersion "1"]
[SourceVersionDate "2018.07.29"]
[SourceQuality "1"]

1. e4 c5 2. Nf3 d6 3. d4 cxd4 4. Nxd4 Nf6 5. Nc3 a6 6. Bc4 e6 7. Bb3 b5 8. f4 Be7 9. Be3 Qc7 10. f5 b4 11. fxe6 bxc3 12. exf7+ Kf8 13. 0-0 cxb2 14. Rb1 Nc6 15. Nxc6 Qxc6 16. Bd5 Nxd5 17. exd5 Qc4 18. Bd4 Bb7 19. Rxb2 Bxd5 20. Qg4 Bf6 21. Rxf6 gxf6 22. Qh4 Bxf7 23. Qxf6 Rg8 24. Rb3 Qe6 25. Qf2 Re8 26. Be3 Rg6 27. Rb7 Rf6 0-1

[Event "Kiel op 31st"]
[Site "Kiel"]
[Date "2018.08.01"]
[Round "7"]
[White "Andresen, Erik"]
[Black "Lin, Ze Jun"]
[Result "1-0"]
[WhiteElo "1844"]
[BlackElo "1528"]
[PlyCount "71"]
[EventDate "2018.07.28"]
[EventType "swiss"]
[EventRounds "9"]
[EventCountry "GER"]
[SourceTitle "CBM 185 Extra"]
[Source "ChessBase"]
[SourceDate "2018.07.29"]
[SourceVersion "1"]
[SourceVersionDate "2018.07.29"]
[SourceQuality "1"]

1. e4 c5 2. Nc3 Nc6 3. Bb5 Nd4 4. Bc4 Nf6 5. d3 e6 6. Nge2 d5 7. exd5 exd5 8. Bb3 Nxb3 9. axb3 d4 10. Nb1 Bd6 11. Bf4 0-0 12. 0-0 Bg4 13. Bxd6 Qxd6 14. Qd2 Rfe8 15. Ng3 Qc6 16. h3 Be6 17. Na3 Bd5 18. f3 b5 19. Ne4 Nxe4 20. fxe4 Be6 21. Rf4 Bd7 22. Raf1 Rf8 23. b4 Qb6 24. bxc5 Qxc5 25. Qf2 Be6 26. c3 Rad8 27. Nc2 f6 28. Nxd4 Bf7 29. Rf5 Qd6 30. Rxb5 Rb8 31. Rxb8 Rxb8 32. e5 Qa6 33. exf6 g6 34. Qf3 Qd6 35. Rf2 Bd5 36. Qe3 1-0